| 000 | 01002nam2a22002651 4500 | ||
|---|---|---|---|
| 001 | RU\NLR\INFOCOMM4\1000602954 | ||
| 005 | 20041007115755.0 | ||
| 035 | _a(NLR Aleph) 002304483 | ||
| 090 |
_a4257351 _c4257351 |
||
| 100 | _a20041007d1971 |||y0rusy50 ba | ||
| 101 | 0 | _arus | |
| 102 | _aRU | ||
| 105 | _ay ||||||||| | ||
| 200 | 1 |
_aШлифовально-полировальные работы в промышленности медицинской техники _fВ.И. Львов, Г.И. Охтомов |
|
| 210 | _d1971 | ||
| 461 | 0 |
_1001RU\NLR\INFOCOMM4\1000602943 _12001#$aПромышленность медицинской техники$eОбзор. информ.$fМ-во мед. пром-сти, ЦБНТИ, медпром$v1971, Вып.7 |
|
| 700 | 1 |
_aЛьвов _bВ. И. _4070 |
|
| 701 | 1 |
_aОхтомов _bГ. И. _4070 |
|
| 801 | 0 |
_aRU _bNLR _gPSBO |
|
| 801 | 1 |
_aRU _bInfoComm _c20041007 |
|
| 852 |
_aNLR _jП16/1192 |
||
| 942 | _cISSUE | ||
| 980 | _aNB | ||
| 980 | _aRUSPER | ||